Introduȯ̂ ̉avaliaȯ̂ de bens singulares histr̤icos, culturais, arts̕ticos e outros - princp̕ios bs̀icos, fundamentos e aplicaė̳s /

Bibliographic Details
Main Author: Jn︢ior, Radegaz Nasser
Format: eBook
Language:Portuguese
Published: San Pablo: LEUD - Livraria e Editora Universitr̀ia de Direito, 2019
Subjects:
Online Access:Acceso restringido

MARC

LEADER 00000nam a22000007a 4500
005 20200420170317.0
007 cr|||| ||||
008 200420s2019 br |||||s|||| 00||0 por d
035 |a 31275 
040 |a vLex 
090 |c 10287  |d 10287 
100 1 |a Jn︢ior, Radegaz Nasser 
245 1 0 |a Introduȯ̂ ̉avaliaȯ̂ de bens singulares  |h [Recurso electrn̤ico] :  |b histr̤icos, culturais, arts̕ticos e outros - princp̕ios bs̀icos, fundamentos e aplicaė̳s /  |c Radegaz Nasser Jn︢ior 
256 |a Servicio en ln̕ea 
260 |a San Pablo:  |b LEUD - Livraria e Editora Universitr̀ia de Direito,  |c 2019 
300 |a 1 recurso electrn̤ico 
500 |a A avaliaȯ̂ de bens histr̤icos/arts̕ticos/culturais aqui no Brasil, deve obedecer principalmente a NBR 14.653-7 – Avaliaȯ̂ de Bens: Bens de Patrimn̥ios histr̤icos e arts̕ticos, mas nô podemos deixar de considerar as normas IVSC – International Valuation Standards Council, e consulta ao site do Iphan – Instituto do Patrimn̥io Histr̤ico e Arts̕tico Nacional – http://portal.iphan.gov.br. Os bens do patrimn̥io histr̤ico, arts̕tico e cultural abrangidos por esta Norma, sendo ele mv̤el ou imv̤el, tomado individualmente ou em conjunto, portador de refern̊cia ̉identidade, ̉aȯ̂, ̉memr̤ia dos diferentes grupos formadores da sociedade brasileira, nos quais se incluem: obras, objetos, documentos, edificaė̳s, demais espaȯs destinados s̉ manifestaė̳s arts̕tico-culturais e os conjuntos urbanos e st̕ios de valor histr̤ico, paisags̕tico, arts̕tico, arqueolg̤ico, paleontolg̤ico e cientf̕ico, cuja conservaȯ̂ seja do interesse pb︢lico, quer por sua vinculaȯ̂ a fatos memorv̀eis da histr̤ia, quer por sua notr̤ia expressô arts̕tica ou arquitetn̥ica, quer por sua antiguidade, quer por sua importńcia arqueolg̤ica, antropolg̤ica ou cientf̕ica. 
506 1 |a Disponible solo en los productos indicados  |d vLex Global  |d vLex Global (Academic Edition, excluding Law Schools)  |d vLex Global (U.S. Academic Edition, Law Schools)  |d vLex Global (U.S. Academic Edition, excluding Law Schools)  |d vLex Global (Academic Edition, Law Schools) 
650 0 4 |a Derecho Pb︢lico y Administrativo  |z Brasil 
740 0 |a vLex Libros (Servicio en ln̕ea) 
856 4 0 |u http://vlex.com/source/introdu-o-a-avalia-o-de-bens-singulares-historicos-culturais-artisticos-e-outros-principios-basicos-fundamentos-e-aplica-es-31275  |z Acceso restringido 
942 |c BOOK 
999 0 |a Public and Administrative Law